Selected materials on urban studies and planning in the United States, 1967-1972 /

Saved in:
Bibliographic Details
Main Author: Rodwin, Lloyd
Other Authors: Susskind, Lawrence E. (Lawrence Elliott)
Format: Book
Language:English
Published: Camb., Mass. : M.I.T., Dept. of Urban Studies and Planning, 1972.
Subjects:
LEADER 00991nam a22002411 4500
001 c000195941
003 CARM
005 20021125001700.0
008 851003s1972 mau 0 eng d
019 1 |a 3973820  |5 LACONCORD2021 
035 |a (OCoLC)216907110  |5 LACONCORD2021 
100 1 |a Rodwin, Lloyd. 
245 1 0 |a Selected materials on urban studies and planning in the United States, 1967-1972 /  |c Prep. by L.Rodwin and L.Susskind. 
260 |a Camb., Mass. :  |b M.I.T., Dept. of Urban Studies and Planning,  |c 1972. 
300 |a 49 ff. 
500 |a Processed. 
650 0 |a Urban renewal  |z United States  |x Bibliography. 
650 0 |a City planning  |z United States  |x Bibliography. 
700 1 |a Susskind, Lawrence E.  |q (Lawrence Elliott) 
852 8 |b CARM  |h A2:AE02H0  |i F00846  |p 0297456  |f BK 
082 0 4 |a 711.4 
999 f f |i db516ff7-2b4c-593e-88f9-2622ea0eb83c  |s 7ab9a903-fefb-5560-aa01-0adba088c47d 
952 f f |p Can circulate  |a CAVAL  |b CAVAL  |c CAVAL  |d CARM 1 Store  |e F00846  |f A2:AE02H0  |h Other scheme  |i book  |m 0297456